Регионална библиотека "Любен Каравелов" - Русе

Техерански кръстопътища (Запис номер 188556)

MARC детайли
000 -Лидер
Контролно поле с фиксирана дължина 01266nam a2200325 c 4500
003 - Код на организацията, давaща контролен номер
Контролно поле BLK
005 - Дата и час на последна редакция
Контролно поле 20230715005320.0
008 - Елементи от данни с фиксирана дължина
fixed length control field 180411b bul|||||r ||||||| ||bul||
010 ## - Наследен системен номер
LC control number KNG00197574000
040 ## - Източник на каталожния запис
Идентификатор на билиотеката - собственик на записа BLK
041 ## - Код за език
Код за езика на текст/звукозапис или на отделно заглавие Български
Код за езика КДБФ Български
080 ## - УДК
Текстов определител УДК Ирански, персийски литератури
УДК код - определител по УДК 821.22
УДК определител -31(55)
УДК - код + определител 821.22-31(55)
100 1# - Редна дума - Автор
Автор Хамид, ал-Сир Абас Абдел
Авторска отговорност първи автор
R(LIN) 344613
139 ## - Редно поле
Редна дума Хамид, ал-Сир Абас Абдел
Авторски знак Хам - Х 24
245 10 - Сведения за заглавието
Заглавие Техерански кръстопътища
Подзаглавни данни Роман
Редно поле (дума) ал-Сир Абас Абдел Хамид; прев. от рус. Васил Димитров Каратеодоров.
257 ## - Страна на издаване
Страна на създаване/издаване България
260 ## - Област на издателските данни
Място на издаване, разпространение и проч. София
Име на издателя, разпространителя и проч. Профиздат
Година на издаване 1965
300 ## - Физическа характеристика
Страници 208 с.
Размери/Мащаб 25 см
380 ## - Жанр
Жанр Худож. лит.
500 ## - Общи забележки
Забележка Прев. е направен от рус. ръкоп. - 13 100 тир.
651 #4 - Допълнително описание по предмет - топоним
Географско понятие Иран
9 (RLIN) 178954
700 1# - Други автори (авторска отговорност)
Лично име Каратеодоров, Васил Димитров
Дати, свързани с автора 1909-1981
Автороска отговорност (Описва отношението между автора и произведението) прев. от рус.
9 (RLIN) 76954
852 ## - Местоположение
Форматна сигнатура Цб 33668
856 4# - Електронен адрес и достъп
Електронен формат pdf - файл
856 4# - Електронен адрес и достъп
Електронен формат pdf - файл
999 ## - СИСТЕМНИ КОНТРОЛНИ НОМЕРА
Koha biblionumber 188556
Koha biblioitemnumber 188556
942 ## - АРТИКУЛИ
Вид на библиотечния материал Книги
Скрит в OPAC Не
Периодичен библиозапис Да
944 ## - СЪЗДАВАНЕ И РЕДАКЦИЯ на ЗАПИСА
Създаване/Редакция Създаване
Дата на регистрацията/редакция 07.12.2016
Служител, извършил регистрацията/редакцията
Статус, дата на статуса CRON CRON
944 ## - СЪЗДАВАНЕ И РЕДАКЦИЯ на ЗАПИСА
Създаване/Редакция Редакция
Дата на регистрацията/редакция 07.12.2016
Служител, извършил регистрацията/редакцията Грета_Цуфелде
999 ## - СИСТЕМНИ КОНТРОЛНИ НОМЕРА
Koha biblioitemnumber 188556
Наличности
Код за отписване Код за изгубен артикул Източник на класификационната схема Код за повреда Коз за рестрикции Код за отдаване Артикулен № Име на библиотеката - собственик Име на библиотеката, в която се намира в момента Статус (Текущо местоположение) Дата на вписване в системата Местоположение - отдел Цена в лева Инвентарен номер Систематично азбучна сигнатура Баркод Номер на екземпляра Цена в евро Служебна бележка Служебен тип на артикула
  Не е изгубен Universal Decimal Classification Не е повреден без рестрикции ползва се в читалня 331063 Регионална библиотека "Любен Каравелов" Русе Регионална библиотека "Любен Каравелов" Русе Хранилище 1965-01-01 Хранилище 0.75 7206/65 Цб 33668 900000095709 1 0.38 N: стар фонд Дата: 01.01.1965 Книги
Изтеглен Не е изгубен Universal Decimal Classification Не е повреден без рестрикции заемане за дома 331064 Регионална библиотека "Любен Каравелов" Русе Регионална библиотека "Любен Каравелов" Русе Заемна - подръчен фонд 1965-01-01 Заемна - подръчен фонд 0.00 8903/65 П 89/Х 24 8903/65 2 0.00 N: стар фонд Дата: 01.01.1965 Книги
Изтеглен Не е изгубен Universal Decimal Classification Не е повреден без рестрикции заемане за дома 331065 Регионална библиотека "Любен Каравелов" Русе Регионална библиотека "Любен Каравелов" Русе Заемна - подръчен фонд 1965-01-01 Заемна - подръчен фонд 0.00 8904/65 П 89/Х 24 8904/65 3 0.00 N: стар фонд Дата: 01.01.1965 Книги
Изтеглен Не е изгубен Universal Decimal Classification Не е повреден без рестрикции заемане за дома 331066 Регионална библиотека "Любен Каравелов" Русе Регионална библиотека "Любен Каравелов" Русе Заемна - подръчен фонд 1965-01-01 Заемна - подръчен фонд 0.75 350800 П 89/Х 24 350800 4 0.38 N: стар фонд Дата: 01.01.1965 Дата инв: 08.02.2018 Бележки инв: П2018 Книги
Vip Innovations Ltd, Rousse, Bulgaria 2025